000 00492nam a22001697a 4500
008 230504b |||||||| |||| 00| 0 eng d
020 _a9789788446
040 _aNLN
_bEnglish
050 _aDT515.77.
_bE22
082 _a923.5669
100 _aEDEOGHON, Peter
_921849
245 _aIn the hand of destiny/
_cPeter Edeoghon
260 _aBenin city:
_bMindex Publishing,
_c2014.
650 _aEdeoghon, Peter 1940-
_921850
650 _aAdministrator
_vNigeria
_xBiography
_921851
942 _cBK
999 _c11071
_d11071